[Event "TUR-chT2"]
[Site "Konya"]
[Date "2018.07.12"]
[Round "4.5"]
[White "Tuncer, Duru"]
[Black "Mustu, Hatice Asli"]
[Result "0-1"]
[WhiteElo "1525"]
[BlackElo "1611"]
[PlyCount "160"]
[EventDate "2018.07.10"]
[EventType "team-swiss"]
[EventRounds "9"]
[EventCountry "TUR"]
[SourceTitle "EXT 2019"]
[Source "ChessBase"]
[SourceDate "2018.10.10"]
[SourceVersion "1"]
[SourceVersionDate "2018.10.10"]
[SourceQuality "1"]
[WhiteTeam "Sinop Kultur"]
[BlackTeam "Izmir Apaydin Dernegi"]
[WhiteTeamCountry "TUR"]
[BlackTeamCountry "TUR"]

1. e4 c5 2. Nc3 a6 3. g3 e6 4. Bg2 d6 5. Nf3 Qc7 6. d4 cxd4 7. Nxd4 b5 8. a3 Bb7 9. 0-0 Nd7 10. h3 Ngf6 11. Re1 Ne5 12. Nf3 Nc4 13. Qd3 Rc8 14. Nd2 Ne5 15. Qe2 Be7 16. f4 Nc6 17. Nf3 0-0 18. Be3 Nd7 19. Bf2 Na5 20. Rac1 Nc4 21. Nd1 Bf6 22. Bd4 Bxd4+ 23. Nxd4 Nxb2 24. Nxb2 Qc3 25. Nxb5 Qc5+ 26. Kh2 axb5 27. Qe3 Qc3 28. Qxc3 Rxc3 29. a4 bxa4 30. Nxa4 Rc4 31. Nb2 Rc7 32. Red1 Rc6 33. Rd2 Rfc8 34. c4 Rb6 35. Rcd1 Nf8 36. Rc1 g6 37. Nd1 Nd7 38. Ne3 Nc5 39. e5 Bxg2 40. Kxg2 dxe5 41. fxe5 Rb3 42. Ng4 Rxg3+ 43. Kxg3 Ne4+ 44. Kf4 Nxd2 45. Ne3 Rc5 46. Rc2 Nb3 47. Rb2 Nd4 48. Rb4 Nc6 49. Rb5 Nxe5 50. Rxc5 Nd3+ 51. Ke4 Nxc5+ 52. Kd4 Nb7 53. c5 Kf8 54. c6 Nd6 55. Kc5 Nc8 56. c7 Ke7 57. Kc6 Na7+ 58. Kb7 Nb5 59. Nc4 Nxc7 60. Kxc7 f5 61. h4 Kf6 62. Kd6 f4 63. Ne5 Kf5 64. Nf3 Kg4 65. Ne5+ Kxh4 66. Kxe6 Kg3 67. Kd5 f3 68. Nc4 Kg2 69. Ke4 f2 70. Ke5 f1Q 71. Ne3+ Kf2 72. Nxf1 Kxf1 73. Kf6 h5 74. Kg5 Kg2 75. Kh4 Kf3 76. Kh3 g5 77. Kh2 g4 78. Kg1 g3 79. Kf1 g2+ 80. Kg1 h4 0-1

[Event "TUR-ch U20"]
[Site "Canakkale"]
[Date "2016.07.01"]
[Round "7"]
[White "Yarar, Muammer Atakan"]
[Black "Tuncer, Duru"]
[Result "1-0"]
[WhiteElo "1792"]
[BlackElo "1461"]
[PlyCount "69"]
[EventDate "2016.06.27"]
[EventType "swiss"]
[EventRounds "9"]
[EventCountry "TUR"]
[SourceTitle "CBM 173 Extra"]
[Source "ChessBase"]
[SourceDate "2016.08.29"]
[SourceVersion "1"]
[SourceVersionDate "2016.08.29"]
[SourceQuality "1"]

1. d4 d5 2. Nf3 Nf6 3. c4 e6 4. Bg5 Nbd7 5. Nc3 Be7 6. e3 c6 7. Qc2 0-0 8. Rd1 Re8 9. Be2 h6 10. Bh4 dxc4 11. Bxc4 b5 12. Be2 Bb7 13. 0-0 a6 14. e4 Qb6 15. e5 Nd5 16. Bxe7 Nxc3 17. Bd6 Nxe2+ 18. Qxe2 c5 19. dxc5 Nxc5 20. Rd4 Bd5 21. Rg4 Nb7 22. Bb4 Bxa2 23. Qd2 Kh7 24. Ng5+ Kg8 25. Ne4 Kh8 26. Rh4 Qd8 27. Qf4 Qxh4 28. Qxh4 Red8 29. Be7 Rd4 30. Bf6 Kh7 31. Qg4 gxf6 32. Nxf6+ Kh8 33. Qxd4 Rg8 34. Qe4 Rg6 35. Qxb7 1-0